| 000 | 00433nam a22001817a 4500 | ||
|---|---|---|---|
| 003 | CEME | ||
| 005 | 20210628210520.0 | ||
| 008 | 210209b xxu||||| |||| 00| 0 eng d | ||
| 020 | _a81-7635-433- | ||
| 040 | _c. | ||
| 082 | _a004.67 MON | ||
| 100 |
_aMoniz, Steven _979740 |
||
| 245 | _aMacromedia dreamweaver 3 | ||
| 260 |
_aNEW DELHI _bTECHMEDIA _c1996 |
||
| 300 | _a256p | ||
| 650 |
_aDREAMWEAVER 3 _979741 |
||
| 942 |
_cBK _2ddc |
||
| 999 |
_c584744 _d584744 |
||